[Event "British Rapidplay"]
[Site "Peterborough"]
[Date "2024.03.02"]
[Round "1"]
[White "Brown, Christian K"]
[Black "He, Tom Junde"]
[Result "0-1"]
[WhiteElo "1616"]
[BlackElo "1783"]
[PlyCount "88"]
[EventDate "2024.03.02"]
[EventType "swiss (rapid)"]
[EventRounds "11"]
[EventCountry "ENG"]
[SourceTitle "CB10_2024"]
[SourceDate "2024.03.06"]
[SourceVersion "1"]
[SourceVersionDate "2024.03.06"]
[SourceQuality "1"]

1. e4 c5 2. c3 Nf6 3. e5 Nd5 4. d4 cxd4 5. cxd4 Nc6 6. Nf3 e6 7. Be2 d6 8. exd6 Bxd6 9. 0-0 0-0 10. Nc3 Nf4 11. Bxf4 Bxf4 12. d5 Ne5 13. Nxe5 Bxe5 14. dxe6 Bxe6 15. Re1 Rc8 16. Rc1 Qa5 17. Bf3 Rfd8 18. Qe2 Bxc3 19. bxc3 b6 20. h3 Rxc3 21. Rxc3 Qxc3 22. Bg4 Re8 23. Qe3 Qxe3 24. Rxe3 Kf8 25. Bxe6 Rxe6 26. Rc3 Re1+ 27. Kh2 g6 28. Rc2 Kg7 29. Kg3 h5 30. Kf3 Re5 31. g4 h4 32. Rd2 a5 33. a4 Rc5 34. Rd6 Rc3+ 35. Ke2 Rxh3 36. Rxb6 Ra3 37. f3 Ra2+ 38. Kf1 Rxa4 39. Rb2 Ra3 40. Kg2 g5 41. Rc2 a4 42. Rb2 Ra1 43. Rc2 a3 44. Kf2 a2 0-1

[Event "British Rapidplay"]
[Site "Peterborough"]
[Date "2024.03.02"]
[Round "2"]
[White "Sasikumar, Srivathsan"]
[Black "Brown, Christian K"]
[Result "1-0"]
[WhiteElo "1881"]
[BlackElo "1616"]
[PlyCount "97"]
[EventDate "2024.03.02"]
[EventType "swiss (rapid)"]
[EventRounds "11"]
[EventCountry "ENG"]
[SourceTitle "CB10_2024"]
[SourceDate "2024.03.06"]
[SourceVersion "1"]
[SourceVersionDate "2024.03.06"]
[SourceQuality "1"]

1. e4 e5 2. Nc3 Nf6 3. f4 d5 4. fxe5 Nxe4 5. Qf3 Nxc3 6. dxc3 c5 7. Bb5+ Nc6 8. Bxc6+ bxc6 9. Ne2 Be6 10. 0-0 Be7 11. Qg3 g6 12. Bh6 Qd7 13. Nf4 0-0-0 14. b4 c4 15. a4 Bf5 16. b5 Bc5+ 17. Kh1 Bxc2 18. bxc6 Qxc6 19. Rfc1 Bb3 20. Qh3+ Qd7 21. e6 fxe6 22. Nxe6 Bd6 23. Nxd8 Qxh3 24. gxh3 Rxd8 25. Rf1 Bc2 26. Rac1 Be4+ 27. Kg1 Bc5+ 28. Rf2 Bxf2+ 29. Kxf2 Rd7 30. Ke3 Rf7 31. Bf4 g5 32. Bxg5 Rf3+ 33. Kd4 Rxh3 34. Bf4 Rd3+ 35. Kc5 Rf3 36. Be5 Rf7 37. Rg1 Kd7 38. Rg8 Ke6 39. Bb8 Rb7 40. a5 Rb3 41. Kd4 Rb7 42. Bg3 a6 43. Ra8 Rf7 44. Rxa6+ Ke7 45. Ra7+ Kf8 46. Bd6+ Kg7 47. Be5+ Kf8 48. Rxf7+ Kxf7 49. a6 1-0